000 00352nam a2200145Ia 4500
008 090124s9999 xx 000 0 und d
082 _b305719
245 _a सौदा
250 _a1
260 _bनिकाडे चंद्रकांत
_c2007
300 _a120
630 _a सौदा
730 _a सौदा
942 _cBOOK
999 _c195713
_d195713